000 00572nam a2200205Ia 4500
003 GCL
005 20240530101119.0
008 140319s9999 xx 000 0 eng d
040 _aGCL /
_cGCL
082 0 4 _a150.72
_bM S
100 1 _aMINIUM, EDWARD W.
245 1 0 _aStatistical Reasoning In Psychology And Educaton /
_cMINIUM, EDWARD W.
260 _a[S.N] :
_bJOHN WILEY AND SONS. INC ،
_c1993
300 _a590 P
650 0 4 _aEDUCATIONAL STATISTICS
650 0 4 _aPSYCHOMETRICS
700 1 _aMINIUM,EDWARD. W
700 1 _aKING, BRUCE . M
942 _2ddc
_cBK
999 _c24745
_d24745